Salmos de la noche espiritual / (Record no. 150474)

MARC details
000 -LEADER
campo de control de longitud fija 00488nam a2200169 i 4500
001 - NÚMERO DE CONTROL
campo de control 150474
003 - IDENTIFICADOR DE NÚMERO DE CONTROL
campo de control ES-MaACL
005 - FECHA Y HORA DE LA ÚLTIMA TRANSACCIÓN
campo de control 20230906203528.0
007 - CAMPO FIJO DE DESCRIPCIÓN FÍSICA--INFORMACIÓN GENERAL
campo de control de longitud fija t|
008 - DATOS DE LONGITUD FIJA--INFORMACIÓN GENERAL
campo de control de longitud fija 071030s1930 sp ||||1| spa d
100 1# - ENTRADA PRINCIPAL--NOMBRE DE PERSONA
Nombre de persona Valera, Fernando,
Fechas asociadas al nombre 1899-1982
9 (RLIN) 112637
245 10 - MENCIÓN DEL TÍTULO
Título Salmos de la noche espiritual /
Mención de responsabilidad, etc. Fernando Valera.
260 ## - PUBLICACIÓN, DISTRIBUCIÓN, ETC.
Lugar de publicación, distribución, etc. [Valencia :
Nombre del editor, distribuidor, etc. s.n.],
Fecha de publicación, distribución, etc. 1930 (
Fabricante Tip. de Pascual Quiles)
300 ## - DESCRIPCIÓN FÍSICA
Extensión 158 p. ;
Dimensiones 19 cm.
852 ## - LOCALIZACIÓN
Ubicación ES-MaACL
Número de control de estantería A-2084
Holdings
Estatus retirado Estado de pérdida Estado de daño No para préstamo Biblioteca de origen Biblioteca actual Ubicación en estantería Fecha de adquisición Fuente de adquisición Total de préstamos Signatura topográfica completa Código de barras Visto por última vez Precio de reemplazo Tipo de ítem Koha
        Biblioteca del Ateneo de Madrid Biblioteca del Ateneo de Madrid Sala Pecera Planta 1 17/01/2008     A-2084 1157018 23/02/2023 23/02/2023 Libro impreso